000 01268nam a2200325Ia 4500
001 ebr10081991
003 CaPaEBR
006 m u
007 cr cn|||||||||
008 040420s2004 maua sb 001 0 eng d
010 _z 2004049719
020 _z1580537588
020 _z158053757X
040 _aCaPaEBR
_cCaPaEBR
035 _a(OCoLC)559837551
050 1 4 _aTK5103.2
_b.Y359123 2004eb
100 1 _aYang, Samuel C.
245 1 0 _a3G CDMA2000
_h[electronic resource] :
_bwireless system engineering /
_cSamuel C. Yang.
260 _aBoston :
_bArtech House,
_cc2004.
300 _axvii, 255 p. :
_bill.
490 1 _aArtech House mobile communications library
504 _aIncludes bibliographical references and index.
533 _aElectronic reproduction.
_bPalo Alto, Calif. :
_cebrary,
_d2009.
_nAvailable via World Wide Web.
_nAccess may be limited to ebrary affiliated libraries.
650 0 _aWireless communication systems.
650 0 _aCode division multiple access.
655 7 _aElectronic books.
_2local
710 2 _aebrary, Inc.
830 0 _aArtech House mobile communications library.
856 4 0 _uhttp://site.ebrary.com/lib/rucke/Doc?id=10081991
_zAn electronic book accessible through the World Wide Web; click to view
999 _c55148
_d55148